00512nam a2200169Ia 450000500170000000800410001702000170005808200130007510000190008824500410010726000440014830000160019265000180020894200060022695200950023299900150032720250509020712.0240331s9999 xx 000 0 und d a978955095046 bSARa891 aSarmiladevi, R 0aMalayaka tamil sanjikaikal oor aaivu aColombobPuravalar puthaka poongac2009 aX, 86 p ., aResearch Book cL 001040708LaWERCLbWERCLcSSCd2024-03-31l0o 300 SARp6603r2024-03-31w2024-03-31yL c4973d4973